Molecular characterization and expression of a phytase gene from the thermophilic fungus thermomyces lanuginosus /
Tallennettuna:
| Muut tekijät: | , , , , |
|---|---|
| Aineistotyyppi: | Artikkeli |
| Kieli: | English |
| Aiheet: | |
| Tagit: |
Lisää tagi
Ei tageja, Lisää ensimmäinen tagi!
|
| Thư viện lưu trữ: | Thư viện Trường Đại học Đà Lạt |
|---|
| LEADER | 01086nam a2200361 4500 | ||
|---|---|---|---|
| 001 | DLU090091927 | ||
| 005 | ##20091201 | ||
| 040 | # | # | |a DLU |b eng |
| 041 | # | # | |a eng |
| 044 | # | # | |a us |
| 245 | # | # | |a Molecular characterization and expression of a phytase gene from the thermophilic fungus thermomyces lanuginosus / |c Randy M. Berka ... [et al.]. |
| 653 | # | # | |a Fungi |
| 653 | # | # | |a Gene expression |
| 653 | # | # | |a Homology |
| 653 | # | # | |a Purification |
| 653 | # | # | |a Recombinant protein |
| 653 | # | # | |a Thermal stability |
| 653 | # | # | |a Thermophily |
| 700 | # | # | |a Berka, Randy M. |
| 700 | # | # | |a Brown, Kimberly M. |
| 700 | # | # | |a Byun, Tony. |
| 700 | # | # | |a Klotz, Alan V. |
| 700 | # | # | |a Rey, Michael W. |
| 773 | # | # | |t Applied and Environmental Microbiology |g Vol. 64, no. 11 (November 1998), p. 4423-4427 |
| 920 | # | # | |a Phòng Tạp chí -- Trung tâm Thông tin - Thư viện Trường Đại học Đà Lạt |
| 994 | # | # | |a DLU |
| 900 | # | # | |a True |
| 911 | # | # | |a Trương Bảo Trâm Anh |
| 925 | # | # | |a G |
| 926 | # | # | |a A |
| 927 | # | # | |a BB |
| 980 | # | # | |a Thư viện Trường Đại học Đà Lạt |